000 00485nam a2200181 a 4500
001 adlib96000001
003 ViArRB
005 20250403153642.0
008 960221s1955 dcuabcdjdbkoqu001 0deng d
040 _aAdlib
_cUniversity Library
082 _a92(SWAMI): 8
100 _aSwaminatha Iyer, U.V.
245 _aStory of my Life: En Carittiram tr. from Tamil by kamil
260 _aMadras
_bInstitute of Asian Studies
_c1990
300 _a274 p
500 _a
942 _cBK
_2udc
999 _c61999
_d61998